000 00537nam a2200157 i 4500
001 102088
003 ES-MaACL
007 t|
008 051103s1918 sp ||||1| spa d
110 2 _aConsejo Provincial de Fomento (Barcelona)
_93227
245 1 0 _aMemoria de los trabajos realizados por la sección de plagas del campo durante el año 1917.
260 _aBarcelona :
_b[s.n.],
_c1918 (
_fOliva de Vilanova)
300 _a178 p. ;
_c25 cm.
500 _aPrecede al tít.: Consejo Provincial de Fomento.
852 _aES-MaACL
_jB-4979
999 _c102088
_d102088